1333 1647 1590 1306 1679 1114 1466 1386 1484 1255 1521 1878 1620 1222 1538 1491 1378 1302 1280 1043 1133 1863 1852 1650 1783 1302 1538 1751 1852 1685 1097 1262 1314 1443 1174 1552 1644 1908 1664 1831 1462 1751 1313 1157 1475 1556 1018 1046 1383 1927 1976 1866 1895 1115 1329 1005 1080 1792 1258 1560 1792 1305 1935 1143 1841 1876 1550 1437 1514 1003 1499 1635 1766 1974 1376 1758 1649 1979 1415 1901 1193 1072 1518 1188 1061 1876 1201 1140 1938 1991 1647 1482 1812 1880 1584 1482 1557 1520 1064 BCNSPRNW ULIB Ver.6.0+V

เปลี่ยนเป็นภาษาไทย

Change to English
 แสดงรายละเอียดบรรณานุกรม
  กลับหน้าหลัก

Brief Record : Get Marc (ISO 2709) : E-mail record : QR code < ปิดหน้าต่าง
LEADER : 00000nam 2200000uu 4500
001    13399122572
003     ULIB
008    130731s||||||||th 000 0 tha d
050  4 ^aBQ5618^bบ126
100 0^ a
245 10 ^aบทสวดมนต์ /^c
260    ^aกรุงเทพฯ :^bแอคมี พริ้นติ้ง,^c[2552?]
300    ^a320 หน้า ;^c22 ซม.
650  4 ^aบทสวดมนต์
650  4 ^aพุทธศาสนา^vบทสวดมนต์
945    ^p0^l0^i033737
999    ^aเกษร โพธิ์สุวรรณ
รายการนี้ยังไม่มีแท็ก
คุณยังไม่ได้ล็อกอิน คุณสามารถมีกิจกรรมร่วมกับเว็บไซต์ได้ แต่ต้องล็อกอินก่อน ::
  ล็อกอิน

รายการสื่อสารสนเทศ

ลำดับที่ ประเภท เลขเรียก/บาร์โค้ด สถานที่ สถานะ
1. การศึกษาทั่วไป
การศึกษาทั่วไป
BQ5618 บ126  
  Barcode: 033737
ห้องสมุดวิทยาเขตสวรรค์ประชารักษ์
►หนังสือทั่วไป
บนชั้น

รายการใกล้เคียง
    ชื่อเรื่อง [บทสวดมนต์ /]

    ผู้แต่ง [a]

    หัวเรื่อง [บทสวดมนต์]

BibComment


ยังไม่เคยถูกคอมเมนท์

คอมเมนท์ทรัพยากรรายการนี้
  คอมเมนท์: บทสวดมนต์


 Copyright 2026. Bcnsprnw @Library